Régimen legal del nuevo proceso laboral chileno: estudio de las modificaciones introducidas por las leyes Nos 20.022, 20.023 y 20.087
I tiakina i:
| Kaituhi matua: | |
|---|---|
| Ētahi atu kaituhi: | |
| Hōputu: | Pukapuka |
| Reo: | Pāniora |
| I whakaputaina: |
Santiago
LexisNexis
2007
|
| Putanga: | 2a. ed |
| Rangatū: | Colección de Manuales
|
| Ngā marau: | |
| Ngā Tūtohu: |
Tāpirihia he Tūtohu
Kāore He Tūtohu, Me noho koe te mea tuatahi ki te tūtohu i tēnei pūkete!
|
MARC
| LEADER | 00000nam a2200000 a 4500 | ||
|---|---|---|---|
| 001 | UCI3566 | ||
| 003 | CL-VaPUC | ||
| 008 | 071116e20070000CL |||||||||||||||||spa|d | ||
| 020 | |a 9789562386883 | ||
| 082 | 0 | 4 | |a 344.8301 |b WAL |2 21 |
| 100 | 0 | |a Walter Díaz, Rodolfo |e author |9 524940 | |
| 700 | |a Lanata Fuenzalida, Gabriela |e autora |9 598877 | ||
| 245 | 1 | 0 | |a Régimen legal del nuevo proceso laboral chileno: estudio de las modificaciones introducidas por las leyes Nos 20.022, 20.023 y 20.087 |
| 250 | |a 2a. ed | ||
| 300 | |a 237 p | ||
| 942 | |c BK | ||
| 945 | |d 20071116 00:00:00 |a jtorresc | ||
| 260 | |a Santiago |b LexisNexis |c 2007 | ||
| 650 | 7 | |a DERECHO LABORAL |2 CL-VaPUC |9 15 | |
| 650 | 7 | |a JUZGADOS DE TRABAJO |2 CL-VaPUC |9 520636 | |
| 650 | 0 | |a Derecho y legislación |9 255077 | |
| 650 | 0 | |a Contratos de trabajo |9 254966 | |
| 650 | 7 | |a REFORMA PROCESAL CHILENA |2 CL-VaPUC |9 520637 | |
| 583 | |a last modification |c 20170801 04:31:38 |k Rodrigo Vera | ||
| 490 | 0 | |a Colección de Manuales | |
| 999 | |c 327711 |d 327709 | ||
| 952 | |0 0 |1 0 |4 0 |6 344_830100000000000_WAL_2007 |7 0 |8 A |9 410998 |a BIBDER |b BIBDER |d 2019-11-22 |i 4389093 |l 1 |o 344.8301 WAL 2007 |p 4389093 |r 2023-01-25 |s 2022-10-01 |w 2019-11-22 |y BK |k DER | ||